Periodic Table Quiz (Random Order) - Statistics

General Stats
  • This quiz has been taken 16 times
  • The average score is 65 of 118
Answer Stats
Number Symbol Element % Correct
20 Ca Calcium
92%
2 He Helium
92%
12 Mg Magnesium
92%
19 K Potassium
92%
16 S Sulfur
92%
56 Ba Barium
85%
5 B Boron
85%
6 C Carbon
85%
87 Fr Francium
85%
79 Au Gold
85%
3 Li Lithium
85%
7 N Nitrogen
85%
8 O Oxygen
85%
11 Na Sodium
85%
4 Be Beryllium
77%
17 Cl Chlorine
77%
27 Co Cobalt
77%
9 F Fluorine
77%
31 Ga Gallium
77%
32 Ge Germanium
77%
26 Fe Iron
77%
88 Ra Radium
77%
14 Si Silicon
77%
74 W Tungsten
77%
92 U Uranium
77%
54 Xe Xenon
77%
30 Zn Zinc
77%
13 Al Aluminium
69%
18 Ar Argon
69%
33 As Arsenic
69%
29 Cu Copper
69%
1 H Hydrogen
69%
53 I Iodine
69%
36 Kr Krypton
69%
80 Hg Mercury
69%
10 Ne Neon
69%
76 Os Osmium
69%
86 Rn Radon
69%
24 Cr Chromium
62%
49 In Indium
62%
82 Pb Lead
62%
25 Mn Manganese
62%
28 Ni Nickel
62%
15 P Phosphorus
62%
21 Sc Scandium
62%
47 Ag Silver
62%
50 Sn Tin
62%
23 V Vanadium
62%
39 Y Yttrium
62%
40 Zr Zirconium
62%
89 Ac Actinium
54%
95 Am Americium
54%
51 Sb Antimony
54%
83 Bi Bismuth
54%
35 Br Bromine
54%
63 Eu Europium
54%
72 Hf Hafnium
54%
77 Ir Iridium
54%
57 La Lanthanum
54%
78 Pt Platinum
54%
45 Rh Rhodium
54%
37 Rb Rubidium
54%
34 Se Selenium
54%
52 Te Tellurium
54%
22 Ti Titanium
54%
70 Yb Ytterbium
54%
85 At Astatine
46%
48 Cd Cadmium
46%
98 Cf Californium
46%
58 Ce Cerium
46%
55 Cs Cesium
46%
99 Es Einsteinium
46%
100 Fm Fermium
46%
103 Lr Lawrencium
46%
93 Np Neptunium
46%
46 Pd Palladium
46%
94 Pu Plutonium
46%
84 Po Polonium
46%
104 Rf Rutherfordium
46%
38 Sr Strontium
46%
43 Tc Technetium
46%
97 Bk Berkelium
38%
107 Bh Bohrium
38%
68 Er Erbium
38%
64 Gd Gadolinium
38%
67 Ho Holmium
38%
115 Mc Moscovium
38%
60 Nd Neodymium
38%
102 No Nobelium
38%
61 Pm Promethium
38%
106 Sg Seaborgium
38%
90 Th Thorium
38%
112 Cn Copernicium
31%
96 Cm Curium
31%
110 Ds Darmstadtium
31%
105 Db Dubnium
31%
66 Dy Dysprosium
31%
114 Fl Flerovium
31%
108 Hs Hassium
31%
116 Lv Livermorium
31%
71 Lu Lutetium
31%
101 Md Mendelevium
31%
2 Mo Molybdenum
31%
113 Nh Nihonium
31%
41 Nb Niobium
31%
118 Og Oganesson
31%
59 Pr Praseodymium
31%
91 Pa Protactinium
31%
111 Rg Roentgenium
31%
44 Ru Ruthenium
31%
62 Sm Samarium
31%
73 Ta Tantalum
31%
117 Ts Tennessine
31%
65 Tb Terbium
31%
81 Tl Thallium
31%
69 Tm Thullium
31%
75 Re Rhenium
23%
109 Mt Meitnerium
15%
No matching quizzes found
Score Distribution
Percent of People with Each Score
Percentile by Number Answered
Your Score History
You have not taken this quiz